000 00899nam a22002897a 4500
001 BR7804786
003 BR-BrBNA
005 20230928085701.0
007 ta
008 230509b bl.||||| |||| 00| 0 por d
040 _aBR-BrBNA
_bpor
_cBiblioteca Nacional de Agricultura
041 _a(Por)
072 _aF00; Q10; S10
_b0312
090 _ 0312 BR7804786
100 1 _aSantos, J.C. (comp.)
110 1 _aComissao Executiva do Plano da Lavoura Cacaueira, Ilheus, BA (Brasil). Div. de Bibliografia e Documentacao
245 1 _aDende, levantamento bibliografico - 1972 a 1977 [Elaeis guineensis, Bibliografia]
260 3 _aIlheus, BA (Brasil):
_c1978.
300 _a121 p.
650 _aPRODUCAO VEGETAL
650 _aTECNOLOGIA DE ALIMENTO
650 _aCOMPOSICAO DE ALIMENTO
650 _aDENDE
650 _aBIBLIOGRAFIA
909 _a202309
_bLucia
_c55
_dLucia Elande
942 _cBK
999 _c25763
_d25763